01055nam a2200157Ia 4500008004100000020001500041050001500056100003800071245012700109260003300236300003500269505049100304650002400795700004000819700003800859120625s2006 mx 001 0 spa d a9706138250 4aK155 bG851 aGómez Lara, Ciprianoe , autor 10aDerecho procesal civil b : banco de preguntas c / Cipriano Gómez Lara, Xitlali Gómez Terán, Sonia Pérez Pérez  aMéxicob : Oxfordc , 2006 axi, 157 páginas c ; 21 cm. 0 aProceso y juicio Las fases procesales Cuestiones preliminares La demanda Interposición de la demanda El emplazamiento y sus efectos La participación activa del demandado La reconvención Contumacia o rebeldía Audiencia previa y de conciliación Las costas procesales La prueba La carga de la prueba El objeto de la prueba Procedimiento probatorio Prueba por confesión Prueba documental Prueba pericial Inspección o reconocimiento judicial Prueba testifical  4aPROCEDIMIENTO CIVIL1 aGómez Terán, Xitlali e , autor1 aPérez Pérez, Sonia e , autor